Tribes and state formation in the Middle East
Αποθηκεύτηκε σε:
| Συλλογικό Έργο: | , , |
|---|---|
| Άλλοι συγγραφείς: | , |
| Μορφή: | Πρακτικό Συνεδρίου Βιβλίο |
| Γλώσσα: | English |
| Δημοσίευση: |
Berkeley :
University of California Press,
c1990.
|
| Θέματα: | |
| Ετικέτες: |
Προσθήκη ετικέτας
Δεν υπάρχουν, Καταχωρήστε ετικέτα πρώτοι!
|
MARC
| LEADER | 00000cam a2200000 i 4500 | ||
|---|---|---|---|
| 001 | 1/18420 | ||
| 008 | 981019s1990 cau| ||| |||| ||eng|| | ||
| 020 | |a 0520070801 | ||
| 035 | |l 10020908 | ||
| 040 | |a GR-MyUa |b gre |e AACR2 | ||
| 041 | 0 | |a eng | |
| 082 | 7 | |a 306.20956 |2 (22) | |
| 245 | 0 | 0 | |a Tribes and state formation in the Middle East / |c edited by Philip S. Khoury, Joseph Kostiner. |
| 260 | |a Berkeley : |b University of California Press, |c c1990. | ||
| 300 | |a 351 σ. ; |c 24 εκ. | ||
| 500 | |a Proceedings of a conference sponsored by the Massachusetts Institute of technology and Harvard University. | ||
| 504 | |a Περιλαμβάνει βιβλιογραφικές παραπομπές και ευρετήριο. | ||
| 650 | 0 | |a Tribal government |z Middle East |x History |x Congresses. | |
| 650 | 0 | |a Tribes |x Government policy |z Middle East |x History |x Congresses. | |
| 650 | 0 | |a Islam and state |z Middle East |x History |x Congresses. | |
| 651 | 0 | |a Middle East |x Politics and government |x Congresses. | |
| 700 | 1 | |a Khoury, Philip S. |q (Philip Shukry), |d 1949- |e edt | |
| 700 | 1 | |a Kostiner, Joseph, |e edt | |
| 710 | 2 | |a Massachusetts Institute of Technology. | |
| 710 | 2 | |a Harvard University. | |
| 711 | 2 | |a Conference on Tribes and State Formation in the Middle East |d (1987 : |c Cambridge, Massachusetts) | |
| 852 | |a INST |b LESVOS |e 19981019 |h 306.20956 TRI |p 005100012800 |q 005100012800 |t BK |y 0 | ||
| 901 | |a BIBL-1998-3 | ||
| 922 | |a 1ΕΛΗ |b 199809 |c ΚΠΣ/ΤΚΑ |d ΠΑΠΑΣΩΤΗΡΙΟΥ | ||
| 950 | |a 117-1998-07-08 | ||